Porovnanie koncepčných usporiadaní hybridnejj hnacej sústavy pre traktor Zetor.(Comparison of alignment hybrid drive systems for tractor Zetor.)[CD-ROM]

Saved in:
Bibliographic Details
Main Author: Plačko, Filip, 1985- (Author)
Other Authors: Ferencey, Viktor, 1946- (xxx)
Format: Manuscript Book
Language:Slovak
Published: Bratislava : STU v Bratislave SjF, 2007
Subjects:
Tags: Add Tag
No Tags, Be the first to tag this record!

MARC

LEADER 00000ntm a22000003a 4500
001 stu154984
005 20150617225944.5
008 080115s2007----xo------------------slo-d
040 |a STU  |b slo 
041 0 |a slo 
044 |a xo 
100 1 |a Plačko, Filip,  |d 1985-  |4 aut  |u J230  |9 100  |U SjF Ústav dopravnej techniky a konštruovania  |T SjF Katedra automobilov, lodí a spaľovacích motorov  |X 13057  |U J230  |Y 46  |7 A000013057 
245 1 |a Porovnanie koncepčných usporiadaní hybridnejj hnacej sústavy pre traktor Zetor.(Comparison of alignment hybrid drive systems for tractor Zetor.)[CD-ROM] 
260 |a Bratislava :  |b STU v Bratislave SjF,  |c 2007 
650 7 |a hybrid  |2 stusub 
650 7 |a hybridná hnacia sústava  |2 stusub 
650 7 |a elektromotor  |2 stusub 
700 1 |a Ferencey, Viktor,  |d 1946-  |4 xxx  |u J230  |U SjF Ústav dopravnej techniky a konštruovania  |T SjF Katedra automobilov, lodí a spaľovacích motorov  |X 2209  |U J230  |Y 46  |7 2209 
996 |b 284J032080  |c J*108480  |l JJSK  |s A  |a 24  |w stu154984_0001